[Event "Chess Classic ELO Open 2013"]
[Site "Baden-Baden GER"]
[Date "2013.02.10"]
[Round "4.6"]
[White "Krulich,R"]
[Black "Frick,C"]
[Result "1-0"]
[WhiteElo "2215"]
[BlackElo "2250"]

1.e4 g6 2.d4 Bg7 3.Nc3 d6 4.Be3 a6 5.a4 Nf6 6.f3 Nc6 7.Bc4 O-O 8.Nge2 e5
9.d5 Ne7 10.Qd2 Ne8 11.g4 f5 12.gxf5 gxf5 13.Bg5 f4 14.O-O-O Kh8 15.Rdg1 b5
16.Bb3 Bh3 17.Nd1 Bf6 18.Bxf6+ Nxf6 19.Nf2 Qd7 20.a5 Ng6 21.Qc3 Rf7 22.Qc6 Rff8
23.Nxh3 Qxh3 24.Rf1 Rfc8 25.Qc3 Nh4 26.Nxf4 b4 27.Nxh3 bxc3 28.bxc3 Rg8 29.Rhg1 Nh5
30.Ng5 Raf8 31.Ne6 Rf7 32.Rxg8+ Kxg8 33.Bc4  1-0

[Event "17th Lienz Open 2013"]
[Site "Lienz AUT"]
[Date "2013.02.10"]
[Round "2.3"]
[White "Sedlak,N"]
[Black "Karall,L"]
[Result "1-0"]
[WhiteElo "2573"]
[BlackElo "1984"]

1.e4 g6 2.d4 Bg7 3.Nc3 d6 4.Be3 c6 5.Qd2 Nd7 6.Nf3 b5 7.Bd3 a6 8.Ne2 e5 9.dxe5 dxe5
10.a4 Bb7 11.O-O Qe7 12.Ng3 h5 13.h3 Nc5 14.axb5 axb5 15.Rxa8+ Bxa8 16.Bxc5 Qxc5
17.Qa5 Bb7 18.Qc7 Qa7 19.Nxe5  1-0

[Event "116th YMCA Winter"]
[Site "Warsaw POL"]
[Date "2013.02.11"]
[Round "5"]
[White "Goslawski,M"]
[Black "Choroszej,A"]
[Result "1-0"]
[WhiteElo "2131"]
[BlackElo "2097"]

1.e4 g6 2.d4 Bg7 3.Nc3 d6 4.Nge2 a6 5.a4 b6 6.Be3 Bb7 7.Qd2 h6 8.Ng3 e6 9.Bc4 Nd7
10.h4 Ne7 11.h5 g5 12.Rd1 Nf6 13.Bd3 Ng4 14.O-O O-O 15.Qe2 Nxe3 16.fxe3 Qe8
17.Qf2 c5 18.d5 exd5 19.exd5 f5 20.Bxf5 Bc8 21.e4 Nxf5 22.exf5 Bd4 23.Rxd4 cxd4
24.Qxd4 Qe5 25.Qxe5 dxe5 26.Nce4 Ra7 27.c4 Rc7 28.b3 Bd7 29.Kh2 Bc8 30.Nd6 Bd7
31.Nge4 Bc8 32.g4 Bb7 33.Nxb7 Rxb7 34.Rd1 b5 35.axb5 axb5 36.c5 Ra7 37.d6 Ra2+
38.Kg3 Rc2 39.Kf3 Kf7 40.Ra1 Rd8 41.Ra7+ Ke8 42.Rc7 Rc1 43.Nf6+ Kf8 44.Ke4 b4
45.Kd5 e4 46.Ke6 Re8+ 47.Re7  1-0

[Event "17th Lienz Open 2013"]
[Site "Lienz AUT"]
[Date "2013.02.13"]
[Round "6.7"]
[White "Schwarhofer,C"]
[Black "Mammadov,F"]
[Result "1/2-1/2"]
[WhiteElo "2285"]
[BlackElo "2119"]

1.e4 g6 2.d4 Bg7 3.Nc3 d6 4.f4 c6 5.Nf3 Bg4 6.Be3 Qb6 7.Qd2 Bxf3 8.gxf3 Qxb2
9.Rb1 Qa3 10.Rxb7 Nf6 11.Nb1 Qxa2 12.c4 Qxd2+ 13.Kxd2 Nh5 14.Nc3 Bh6 15.Ne2 Nd7
16.Bh3 Nb6 17.Kc3 e6 18.Ra1 O-O 19.Raxa7 Rxa7 20.Rxa7 Ra8 21.Rxa8+ Nxa8 22.Kb4 Kf8
23.Ka5 Ke7 24.Ka6 Nc7+ 25.Kb7 Kd7 26.Bg4 Nf6 27.Nc3 Nxg4 28.fxg4 e5 29.dxe5 dxe5
30.g5 exf4 31.Bf2 Bxg5 32.Na4 Ne6 33.e5 Bd8 34.c5 g5 35.Nb6+ Bxb6 36.cxb6 Nd8+
37.Kb8 c5 38.Bxc5 Kc6 39.Be7 Nb7 40.Bxg5 Kxb6 41.Bxf4 Kc6 42.Kc8 Nc5 43.Kd8 Ne6+
44.Ke7 Nxf4 45.Kxf7 Kd5 46.Kf6 h5 47.Kf5 Ne6 48.h4  1/2-1/2

[Event "TCh-CZE Extraliga 2012-13"]
[Site "Czech Republic CZE"]
[Date "2013.02.16"]
[Round "5.8"]
[White "Suran,J"]
[Black "Nedela,V"]
[Result "1-0"]
[WhiteElo "2360"]
[BlackElo "2299"]

1.e4 g6 2.d4 Bg7 3.Nc3 d6 4.Be3 e6 5.Qd2 a6 6.h4 b5 7.h5 Bb7 8.O-O-O Nd7
9.f3 Nb6 10.Nh3 Qd7 11.Bd3 O-O-O 12.Kb1 Kb8 13.Nf2 f5 14.h6 Bf6 15.g4 Nc4
16.Bxc4 bxc4 17.g5 Be7 18.Qe2 Rf8 19.Nh3 Bd8 20.Qxc4 Ne7 21.Nf4 fxe4 22.fxe4 d5
23.Qb3 dxe4 24.Nxe6 Rf3 25.Nc5 Qc8 26.Rhe1 Nf5 27.Nxa6+ Ka7 28.Nc5 Bc6 29.Qa3+ Kb8
30.Qb4+ Ka8 31.Qa5+ Kb8 32.d5 Nxe3 33.dxc6 Nc4 34.Na6+ Ka8 35.Nxc7+ Kb8 36.Qa8+ Kxc7
37.Nd5+  1-0

[Event "TCh-CZE Extraliga 2012-13"]
[Site "Czech Republic CZE"]
[Date "2013.02.16"]
[Round "5.7"]
[White "Vlasak,Lu"]
[Black "Hinks Edwards,T"]
[Result "1/2-1/2"]
[WhiteElo "2330"]
[BlackElo "2414"]

1.e4 g6 2.d4 Bg7 3.Nc3 d6 4.Be3 a6 5.Qd2 b5 6.O-O-O Bb7 7.f3 Nd7 8.Kb1 Nb6
9.Bd3 b4 10.Nce2 a5 11.h4 h5 12.d5 c5 13.dxc6 Bxc6 14.Nd4 Bd7 15.Bb5 Bxb5
16.Nxb5 Nc4 17.Qe2 Nxb2 18.Bd4 Bxd4 19.Rxd4 Na4 20.c4 Qb6 21.Rd3 Nf6 22.Nh3 O-O
23.Nf4 Qc5 24.Rc1 Nc3+ 25.Nxc3 bxc3 26.Rdxc3 Rab8+ 27.Ka1 Rfc8 28.Qe3 Qe5
29.Nd3 Qg3 30.Qf2 Qxf2 31.Nxf2 Nd7 32.Ra3 Ra8 33.Nd3 Kf8 34.c5 Nxc5 35.Rac3 Ke8
36.Nxc5  1/2-1/2

[Event "TCh-NED Meesterklasse 2012-13"]
[Site "Netherland NED"]
[Date "2013.02.16"]
[Round "6.5"]
[White "Martens,M"]
[Black "Van Dongen,C1"]
[Result "1/2-1/2"]
[WhiteElo "2431"]
[BlackElo "2356"]

1.e4 g6 2.d4 Bg7 3.Nc3 d6 4.g3 c6 5.Bg2 e5 6.Nge2 Nf6 7.O-O O-O 8.a4 a5 9.h3 Na6
10.Be3 Nb4 11.f4 exf4 12.Nxf4 d5 13.e5 Ne8 14.Na2 Nxa2 15.Rxa2 f6 16.Nd3 Bf5
17.exf6 Nxf6 18.c3 Qe7 19.Re1 Rae8 20.Ra1 Be4 21.Bg5 h6 22.Bxf6 Qxf6 23.Qd2 Bxd3
24.Rxe8 Rxe8 25.Qxd3  1/2-1/2

[Event "ch-ROU 2013"]
[Site "Baile Olanesti ROU"]
[Date "2013.02.18"]
[Round "3.4"]
[White "Doros,R"]
[Black "Grecescu,G"]
[Result "0-1"]
[WhiteElo "2309"]
[BlackElo "2391"]

1.e4 g6 2.d4 Bg7 3.Nc3 d6 4.Be3 c6 5.Qd2 b5 6.h3 Nd7 7.f4 b4 8.Nd1 Ngf6 9.Bd3 a5
10.a3 Rb8 11.axb4 axb4 12.Nf3 O-O 13.O-O c5 14.c3 bxc3 15.bxc3 Bb7 16.Nf2 cxd4
17.cxd4 d5 18.e5 Ne4 19.Qc2 e6 20.Nxe4 dxe4 21.Bxe4 Bxe4 22.Qxe4 Nb6 23.Nd2 Nd5
24.Nc4 Rb4 25.Rac1 Qa8 26.Bd2 Ra4 27.Rc2 Rd8 28.Ne3 Qa7 29.Rc4 Ra2 30.Bb4 Re2
31.Re1 Nxe3  0-1

[Event "ch-ROU 2013"]
[Site "Baile Olanesti ROU"]
[Date "2013.02.18"]
[Round "3.46"]
[White "Ionita,I"]
[Black "Nastase,S"]
[Result "0-1"]
[WhiteElo "1741"]
[BlackElo "1938"]

1.e4 g6 2.d4 Bg7 3.Nc3 d6 4.Nf3 Nf6 5.h3 O-O 6.Be3 a6 7.a4 a5 8.Be2 c6 9.O-O Qc7
10.Qd2 Na6 11.Bh6 Nb4 12.Bxg7 Kxg7 13.Rfe1 Rd8 14.Bd3 e5 15.Qe3 Nh5 16.Ne2 b6
17.c3 Nxd3 18.Qxd3 Ba6 19.Qd2 Bxe2 20.Rxe2 Nf4 21.Ree1 h6 22.Kh2 Qe7 23.g3 Ne6
24.Qe3 Ng5 25.Rad1 Qf6 26.Nxg5 hxg5 27.Rd2 Rh8 28.Kg2 Qe6 29.g4 Qf6 30.dxe5 dxe5
31.Red1 Rad8 32.Qxb6 Rxh3 33.Kxh3 Qf3+ 34.Kh2 Rh8+ 35.Kg1  0-1

[Event "ch-ROU w 2013"]
[Site "Baile Olanesti ROU"]
[Date "2013.02.18"]
[Round "3.9"]
[White "Cirlig,I"]
[Black "Lolici,I"]
[Result "1-0"]
[WhiteElo "1777"]
[BlackElo "1964"]

1.e4 g6 2.d4 Bg7 3.Nc3 d6 4.f3 Nd7 5.Be3 e5 6.Qd2 c6 7.O-O-O Ne7 8.g4 b5
9.d5 c5 10.Bxb5 Rb8 11.h4 Qa5 12.Bc6 Kf8 13.Bxd7 Bxd7 14.Re1 Nc8 15.h5 Nb6
16.b3 c4 17.Nge2 cxb3 18.cxb3 Rc8 19.Kb2 g5 20.h6 Bf6 21.Bxg5 Bxg5 22.Qxg5 Qb4
23.Rc1 Rg8 24.Qf6 Nc4+ 25.Ka1 Rb8 26.Rb1 Na3 27.Rb2 a5 28.Rhb1 Nxb1 29.Rxb1 Qa3
30.Rb2 a4 31.Kb1 axb3 32.Rxb3 Rxb3+ 33.axb3 Qxb3+ 34.Kc1 Qa3+ 35.Kd2 Qb2+
36.Ke1 Qa1+ 37.Kf2 Qb2 38.Kg3 Qb6 39.Kg2 Rg6 40.Qh4 f5  1-0

[Event "e2e4 Brighton Masters 2013"]
[Site "Brighton ENG"]
[Date "2013.02.18"]
[Round "4"]
[White "Pein,M"]
[Black "Petrov,Marij"]
[Result "1/2-1/2"]
[WhiteElo "2376"]
[BlackElo "2518"]

1.d4 g6 2.e4 Bg7 3.Nc3 d6 4.Be3 a6 5.h3 b5 6.f4 b4 7.Nce2 Nf6 8.Ng3 h5 9.Bd3 Bb7
10.e5 Nd5 11.Qf3 e6 12.Ne4 Qe7 13.Ne2 Nd7 14.Bd2 h4  1/2-1/2

[Event "e2e4 Brighton Masters 2013"]
[Site "Brighton ENG"]
[Date "2013.02.18"]
[Round "5"]
[White "Haria,R"]
[Black "Rudd,J"]
[Result "1-0"]
[WhiteElo "2053"]
[BlackElo "2297"]

1.e4 d6 2.d4 g6 3.Nc3 Bg7 4.Be3 Nd7 5.Qd2 e6 6.h4 h5 7.Nf3 a6 8.Ng5 Ne7 9.Bd3 b6
10.O-O-O Bb7 11.f4 d5 12.f5 gxf5 13.exf5 e5 14.dxe5 Nxe5 15.Bf4 d4 16.Nce4 Nd5
17.Rhe1 Nxd3+ 18.cxd3 O-O 19.Ng3 Qd7 20.Nxh5 Qa4 21.Nxg7 Qxa2 22.Nh5 c5 23.Qc2 Nb4
24.Qb1 Qb3 25.Nf6+ Kg7 26.Nh5+ Kh6 27.g4 c4 28.Re7 Rae8 29.Rxb7 Nxd3+ 30.Qxd3 cxd3
31.Nxf7+ Kh7 32.Ne5+ Kg8 33.Rg7+ Kh8 34.Ng6+  1-0

[Event "ch-Central Serbia w 2013"]
[Site "Pozarevac SRB"]
[Date "2013.02.18"]
[Round "1.5"]
[White "Milosevic,Milica"]
[Black "Benderac,A"]
[Result "0-1"]
[WhiteElo "1643"]
[BlackElo "2226"]

1.e4 d6 2.d4 g6 3.Nc3 Bg7 4.Be3 c6 5.Be2 Nd7 6.Nf3 Qc7 7.O-O Ngf6 8.Qd2 b5
9.a3 a6 10.Bh6 O-O 11.Bxg7 Kxg7 12.Qg5 h6 13.Qg3 c5 14.Bd3 Bb7 15.Rfe1 e5
16.d5 Nh5 17.Qh4 Ndf6 18.g4 Nf4 19.Rad1 Bc8 20.h3 h5 21.Nh2 hxg4 22.hxg4 Rh8
23.Qg3 Rh3  0-1

[Event "116th YMCA Winter"]
[Site "Warsaw POL"]
[Date "2013.02.18"]
[Round "7"]
[White "Jarmula,L"]
[Black "Choroszej,A"]
[Result "1/2-1/2"]
[WhiteElo "2164"]
[BlackElo "2097"]

1.e4 g6 2.d4 Bg7 3.Nc3 d6 4.f4 Nf6 5.Nf3 O-O 6.e5 Nfd7 7.h4 c5 8.h5 cxd4
9.Qxd4 dxe5 10.Qf2 e4 11.Nxe4 Nf6 12.Nxf6+ exf6 13.hxg6 Re8+ 14.Be2 hxg6
15.Bd2 Nc6 16.O-O-O Qd5 17.b3 Bf5 18.Bc3 Qe4 19.Bd3 Qe3+ 20.Qxe3 Rxe3 21.Bd2 Rxd3
22.cxd3 Rc8 23.Kb2 Bxd3 24.Bc3 Bf5 25.Nd4 Be4 26.Nxc6 Bxc6 27.Rd2 f5 28.Bxg7 Kxg7
29.Re2 Rd8 30.Kc3 Kf6 31.a4 Be4 32.Rh3 Rd1 33.Rf2 a6 34.Re3 Rd8 35.g4 Rd1
36.Kb4 Rd4+ 37.Kc5 Rd5+ 38.Kb6 Rd6+ 39.Kc7 Rc6+ 40.Kd7 Rc1 41.g5+ Kg7 42.Rfe2 f6
43.Rxe4 fxe4 44.Rxe4 fxg5 45.fxg5 Rc5 46.Re7+ Kf8 47.Re8+ Kf7 48.Rb8 b5 49.a5 b4
50.Rxb4 Rxa5 51.Rf4+ Rf5 52.Rg4 a5 53.Rg3 Rd5+ 54.Kc6 Rf5 55.Kd6 Rb5 56.Rf3+ Kg7
57.Rg3 Kf7 58.Rf3+ Kg7  1/2-1/2

[Event "e2e4 Brighton Masters 2013"]
[Site "Brighton ENG"]
[Date "2013.02.19"]
[Round "6"]
[White "Wallace,P"]
[Black "Petrov,Marij"]
[Result "0-1"]
[WhiteElo "2195"]
[BlackElo "2518"]

1.e4 g6 2.d4 Bg7 3.Nc3 d6 4.Be3 Nf6 5.h3 c6 6.a4 O-O 7.Nf3 Nbd7 8.Be2 e5
9.dxe5 dxe5 10.O-O Qe7 11.Qc1 Nc5 12.Nd2 Rd8 13.Bc4 Nh5 14.Nf3 Ne6 15.Ng5 Nxg5
16.Bxg5 Bf6 17.Be3 g5 18.Ne2 Nf4 19.Ng3 Kh8 20.Be2 Nxe2+ 21.Nxe2 g4 22.hxg4 Bxg4
23.f3 Be6 24.Kf2 Bh4+ 25.g3 f5 26.Rh1 Bf6 27.Nc3 f4 28.gxf4 Bc4 29.Ne2 Rg8
30.Rh2 Bh4+ 31.Kf1 Rg3 32.Ra3 Rxf3+ 33.Kg1 Rg8+ 34.Kh1 Bxe2 35.Rxe2 Bg3 36.Bg1 Bxf4
37.Qe1 Rxa3 38.bxa3 Qxa3 39.Qh4 Qf3+  0-1

[Event "Moscow Gov Cup A Rapid"]
[Site "Moscow RUS"]
[Date "2013.02.19"]
[Round "6.9"]
[White "Konenkin,D"]
[Black "Gubajdullin,A"]
[Result "0-1"]
[WhiteElo "2282"]
[BlackElo "2332"]

1.d4 g6 2.e4 Bg7 3.Nc3 d6 4.Be3 a6 5.Qd2 b5 6.a4 b4 7.Nd5 a5 8.c3 c6 9.Nf4 Nf6
10.f3 Na6 11.Nd3 O-O 12.cxb4 axb4 13.Bh6 Bxh6 14.Qxh6 Qb6 15.Ne2 c5 16.dxc5 Nxc5
17.Nxc5 Qxc5 18.Qd2 e5 19.Nc1 d5 20.Nd3 Qb6 21.Qf2 Qd6 22.Qc5 Qe6 23.Nxb4 dxe4
24.Bc4 Qf5 25.O-O Bb7 26.fxe4 Qxe4 27.Qf2 Qxc4 28.Qxf6 Qxb4 29.Qxe5 Qb6+
30.Kh1 Rae8 31.Qb5 Qxb5 32.axb5 Re2  0-1

[Event "VI Karkonosze Open A"]
[Site "Karpacz POL"]
[Date "2013.02.20"]
[Round "5.5"]
[White "Piotrowski,P"]
[Black "Lada,I"]
[Result "1-0"]
[WhiteElo "1996"]
[BlackElo "1959"]

1.d4 d6 2.e4 g6 3.Nc3 Bg7 4.f4 Nf6 5.Nf3 O-O 6.Bd3 Nfd7 7.O-O c5 8.d5 Qc7
9.Qe2 a6 10.a4 b6 11.Re1 e6 12.Bc4 Re8 13.dxe6 fxe6 14.f5 Ne5 15.Nxe5 Bxe5
16.Qg4 Kh8 17.fxe6 Qg7 18.Qh3 Qg8 19.Nd5 Bxe6 20.Qh4 Ra7 21.Bg5 Nd7 22.Rf1 h5
23.Bf6+ Bxf6 24.Nxf6 Nxf6 25.Qxf6+ Kh7 26.Bd3 Qg7 27.e5 d5 28.Qg5 Qh6 29.Qxh6+ Kxh6
30.Rf6 Bf7 31.Rxb6 c4 32.Bf1 Rxe5 33.Rd1 Be6 34.c3 Bg4 35.Rd2 Re1 36.h3 Bf5
37.Kf2 Re5 38.Be2 Be4 39.g3 Rf5+ 40.Ke3 Bg2 41.Bxh5 Re7+ 42.Kd4 Rxh5 43.Rxg2 Re4+
44.Kc5 d4+ 45.Kxc4 dxc3+ 46.Kxc3 Rxa4 47.b3 Ra1 48.h4 Re5 49.g4 Kg7 50.Rd2 Re4
51.Rd7+ Kf8 52.Rxg6 Re3+ 53.Kb2 Rh1 54.Rh6 Re2+ 55.Ka3 Kg8 56.Rb6 Kf8 57.Rb8+ Re8
58.Rxe8+ Kxe8  1-0

[Event "Moscow Gov Cup A Rapid"]
[Site "Moscow RUS"]
[Date "2013.02.20"]
[Round "8.10"]
[White "Popelyshev,I"]
[Black "Gubajdullin,A"]
[Result "0-1"]
[WhiteElo "2084"]
[BlackElo "2332"]

1.e4 g6 2.d4 Bg7 3.Nc3 d6 4.Be2 a6 5.Be3 Nd7 6.Qd2 b5 7.a3 Bb7 8.h4 Ngf6
9.f3 c5 10.Nh3 cxd4 11.Bxd4 Ne5 12.Nf4 h5 13.Ncd5 Nfd7 14.c3 e6 15.Ne3 Nc5
16.Bxc5 dxc5 17.Qxd8+ Rxd8 18.Rd1 Ke7 19.Kf2 Rxd1 20.Rxd1 Bf6 21.g3 Bc6 22.Rd2 c4
23.Nc2 Bb7 24.Nh3 Nd7 25.Rd1 Nc5 26.Nf4 Na4 27.Rb1 Rd8 28.Ke1 Be5 29.Bf1 Nxc3
30.bxc3 Bxc3+  0-1

[Event "ch-ROU 2013"]
[Site "Baile Olanesti ROU"]
[Date "2013.02.21"]
[Round "7.37"]
[White "Gavrilescu,David"]
[Black "Russu,E"]
[Result "0-1"]
[WhiteElo "1873"]
[BlackElo "2198"]

1.e4 d6 2.d4 g6 3.Nc3 Bg7 4.f4 c6 5.Nf3 Nf6 6.Bd3 O-O 7.O-O Nbd7 8.f5 b5
9.Qe1 a6 10.g4 b4 11.Ne2 a5 12.Qh4 e5 13.c3 bxc3 14.bxc3 Ba6 15.Bxa6 Rxa6
16.Bg5 Rb6 17.Rad1 Qc7 18.Nd2 d5 19.Rf3 Rb2 20.dxe5 Qxe5 21.Bf4 Qe7 22.e5 Nxe5
23.Re3 Qc5 24.Nd4 Rxd2 25.Rxd2 Nc4 26.Rh3 Nxd2 27.Bxd2 Rb8 28.Qe1 Ne4 29.Be3 Qc4
30.Bd2 Qxa2 31.Rd3 Bxd4+ 32.cxd4 Qc2 33.Re3 Rb1  0-1

[Event "21st Fajr Open"]
[Site "Mashhad IRI"]
[Date "2013.02.22"]
[Round "5.3"]
[White "Pourramezanali,A"]
[Black "Asgarizadeh,A"]
[Result "1-0"]
[WhiteElo "2376"]
[BlackElo "2281"]

1.e4 g6 2.d4 Bg7 3.Nc3 d6 4.Be3 a6 5.Qd2 Nd7 6.h4 h5 7.f3 b5 8.Nh3 Bb7 9.O-O-O Rc8
10.Ng5 c5 11.e5 dxe5 12.dxe5 Bxe5 13.Nxf7 Kxf7 14.Qxd7 Qb6 15.Ne4 Nf6 16.Ng5+ Kf8
17.Qe6 Qxe6 18.Nxe6+ Kf7 19.Nxc5 Nd5 20.Bf2 Bc6 21.Kb1 Rhd8 22.Re1 Bd6 23.Ne6 Re8
24.g3 Nf6 25.Bh3 Rb8 26.Rhg1 Kg8 27.Ng5 e5 28.Rd1 Bf8 29.Be6+ Kg7 30.Bb3 a5
31.Ne6+ Kh7 32.Nxf8+ Rxf8 33.Bc5 Rfc8 34.Bd6 Rb6 35.Rgf1 a4 36.Be6 Rd8 37.Bxe5 Rxd1+
38.Rxd1 Bxf3 39.Rd6 Rxd6 40.Bxd6 Ne4 41.Be5 b4 42.a3 b3 43.cxb3 Nc5 44.Bc4 Nxb3
45.Kc2 Na1+ 46.Kd2 Be4 47.b4  1-0

[Event "29th Open"]
[Site "Cappelle la Grande FRA"]
[Date "2013.02.23"]
[Round "1.45"]
[White "Hoolt,S"]
[Black "Manolache,M"]
[Result "0-1"]
[WhiteElo "2308"]
[BlackElo "2533"]

1.e4 g6 2.d4 d6 3.Nc3 Bg7 4.f4 a6 5.a4 Nf6 6.Nf3 O-O 7.Bd3 Nc6 8.e5 dxe5
9.fxe5 Nh5 10.Be3 Bg4 11.Be2 f6 12.exf6 exf6 13.O-O Qe8 14.Bc4+ Kh8 15.Re1 Qd7
16.h3 Bxf3 17.Qxf3 Nxd4 18.Qf2 f5 19.Rad1 c5 20.Ne2 Rad8 21.Bg5 Rde8 22.c3 Qxa4
23.b3 Nxb3 24.Bd5 Nf6 25.Bxb7 Qb5 26.Bxf6 Qxb7 27.Bxg7+ Qxg7 28.Qf3 Re4 29.Nf4 Qf7
30.Nd3 Qe7 31.Qg3 Re8 32.Rxe4 fxe4 33.Nf4 e3 34.Re1 Qe5 35.Qh4 Kg8 36.Ne2 Nd2
37.Ra1 Qf5 38.Qg3 a5 39.Kh1 a4 40.Qe1 Qf2 41.Qd1 Rb8 42.Ng1 c4 43.Qg4 Re8
44.Qd7 Qf7 45.Qxa4 e2 46.Re1 Ne4 47.Nf3 Nf2+  0-1

[Event "24th Metropolitan GM"]
[Site "Los Angeles USA"]
[Date "2013.02.23"]
[Round "6"]
[White "Matikozian,A"]
[Black "Bryant,J"]
[Result "1-0"]
[WhiteElo "2429"]
[BlackElo "2454"]

1.e4 g6 2.d4 Bg7 3.Nc3 d6 4.g3 Nf6 5.Bg2 O-O 6.Nge2 e5 7.O-O Nc6 8.dxe5 dxe5
9.Qxd8 Rxd8 10.Bg5 Be6 11.Nd5 Bxd5 12.exd5 Nb4 13.c4 h6 14.Bd2 Nd3 15.Bc3 Nd7
16.b4 Nb6 17.Be4 Na4 18.Bxd3 e4 19.Bxg7 exd3 20.Be5 dxe2 21.Rfe1 Nb6 22.Bxc7 Re8
23.Rac1 Rac8 24.d6 Re4 25.f3 Rd4 26.Rxe2 Nxc4 27.Rxc4  1-0

[Event "Moscow Gov Cup A Rapid KO"]
[Site "Moscow RUS"]
[Date "2013.02.23"]
[Round "1.2"]
[White "Kozlov,S"]
[Black "Golovin,Leo"]
[Result "0-1"]
[WhiteElo "2340"]
[BlackElo "2471"]

1.e4 d6 2.d4 g6 3.Nc3 Bg7 4.f4 e6 5.Nf3 Ne7 6.Bd3 b6 7.O-O O-O 8.Qe1 a6 9.Be3 c5
10.dxc5 bxc5 11.Qh4 Nec6 12.Qg3 Nd4 13.Rad1 Nxf3+ 14.Rxf3 Nc6 15.e5 Nd4 16.exd6 Nxf3+
17.Qxf3 Rb8 18.Bxc5 Rxb2 19.Ne4 Rxa2 20.d7 Bxd7 21.Bxf8 Qxf8 22.Bc4 Ra1 23.Rxa1 Bxa1
24.Qd1 Bc6 25.Nd6 Qd8 26.h3 Bf6 27.Qd3 Be7 28.Ne4 Qxd3 29.cxd3 a5 30.Nd2 Bc5+
31.Kf1 Be3 32.Nb3 a4 33.Na1 Bxf4 34.Nc2 Bc1 35.g4 g5 36.Ke2 a3 37.Kd1 Bb2
38.Nb4 Bg2 39.Kc2 Bxh3 40.Nc6 Bxg4 41.Ne7+ Kf8 42.Nc6 h5  0-1

[Event "ch-Central Serbia w 2013"]
[Site "Pozarevac SRB"]
[Date "2013.02.23"]
[Round "8.4"]
[White "Tomin,Ks"]
[Black "Benderac,A"]
[Result "0-1"]
[WhiteElo "1963"]
[BlackElo "2226"]

1.e4 d6 2.d4 g6 3.Nc3 Bg7 4.Nf3 e6 5.Be3 Ne7 6.Bd3 Nd7 7.Qd2 h6 8.Ne2 b6
9.Ng3 Bb7 10.O-O c5 11.c3 Qc7 12.Qe2 O-O 13.h4 Rac8 14.Qd2 c4 15.Bc2 Kh7
16.h5 e5 17.Rad1 Nf6 18.hxg6+ fxg6 19.Nh2 d5 20.dxe5 Nxe4 21.Bxe4 dxe4 22.Bd4 Nf5
23.Nxf5 gxf5 24.Qf4 Rce8 25.Rfe1 Rf7 26.f3 Bxe5 27.Bxe5 Qxe5 28.Qxe5 Rxe5
29.fxe4 Bxe4 30.Kf2 Rg7 31.Nf3 Re6 32.Rg1 Reg6 33.Rde1 Rg3 34.Re3 Bb7 35.Nh4 R3g4
36.Nf3 f4 37.Re5 Rg3 38.Ne1 R3g5 39.Re6 Bc8 40.Rc6 Rc5 41.Rf6 Rb5 42.Rxf4 Rxb2+
43.Ke3 Re7+ 44.Kd4 Rd2+ 45.Kxc4 Ba6+ 46.Kb4 Ree2 47.c4 Re3 48.Rf3 Rb2+ 49.Ka4 Rxa2+
50.Kb4 Rb2+ 51.Ka4 Re5 52.Ka3 Rb1  0-1

[Event "ch-ROU 2013"]
[Site "Baile Olanesti ROU"]
[Date "2013.02.24"]
[Round "11.19"]
[White "Manole,S"]
[Black "Lupu,O"]
[Result "1-0"]
[WhiteElo "2126"]
[BlackElo "2265"]

1.e4 g6 2.d4 Bg7 3.Nc3 d6 4.f4 e6 5.Nf3 Ne7 6.Bd3 Nd7 7.O-O O-O 8.Be3 b6
9.Qe1 Bb7 10.f5 exf5 11.exf5 Nd5 12.Nxd5 Bxd5 13.Qg3 c5 14.Qxd6 Bxf3 15.Rxf3 cxd4
16.Bxd4 Nc5 17.Qxd8 Raxd8 18.Bxc5 bxc5 19.c3 Be5 20.Re1 Bd6 21.Bc4 gxf5 22.Rxf5 Kg7
23.Re4 f6 24.Re6 Be5 25.Re7+ Kg6 26.Rf3 Rd1+ 27.Rf1 Rxf1+ 28.Kxf1 Bxh2 29.Bd3+ Kg5
30.Rg7+ Kf4 31.Kf2 c4 32.Be2 Rd8 33.g3+ Kf5 34.Rxh7 Rd2 35.Rxh2 Rxb2  1-0

[Event "29th Open"]
[Site "Cappelle la Grande FRA"]
[Date "2013.02.25"]
[Round "4.133"]
[White "Papp,Petra"]
[Black "Delchambre,P"]
[Result "1-0"]
[WhiteElo "2280"]
[BlackElo "2023"]

1.e4 g6 2.d4 Bg7 3.Nc3 d6 4.f4 Nf6 5.Nf3 a6 6.Bd3 O-O 7.O-O c6 8.Qe1 b5 9.a4 b4
10.Ne2 a5 11.Qh4 Ba6 12.f5 Bxd3 13.cxd3 gxf5 14.Bh6 Kh8 15.Ng5 e6 16.e5 dxe5
17.dxe5 Qb6+ 18.Kh1  1-0

[Event "29th Open"]
[Site "Cappelle la Grande FRA"]
[Date "2013.02.26"]
[Round "5.59"]
[White "Andrenko,I"]
[Black "Todorcevic,M"]
[Result "1/2-1/2"]
[WhiteElo "2228"]
[BlackElo "2419"]

1.e4 g6 2.d4 Bg7 3.Nc3 d6 4.f4 Nc6 5.Be3 Nf6 6.Nf3 O-O 7.e5 Ng4 8.Bg1 dxe5
9.dxe5 f6 10.Bc4+ Kh8 11.h3 Nh6 12.Nb5 Bf5 13.Qe2 a6 14.Rd1 Qc8 15.Nc3 fxe5
16.fxe5 Nf7 17.Bh2 Be6 18.Bd3 Bf5 19.Bc4 Be6 20.Bd3 Bf5 21.Bc4  1/2-1/2

[Event "29th Open"]
[Site "Cappelle la Grande FRA"]
[Date "2013.02.27"]
[Round "6.33"]
[White "Decoster,F"]
[Black "Le Roux,JP"]
[Result "0-1"]
[WhiteElo "2305"]
[BlackElo "2564"]

1.e4 g6 2.d4 Bg7 3.Nc3 d6 4.f4 Nf6 5.Nf3 O-O 6.Bd3 Na6 7.O-O c5 8.d5 Bg4
9.Bc4 Nc7 10.h3 Bxf3 11.Qxf3 Nd7 12.a4 a6 13.a5 b5 14.axb6 Nxb6 15.Be2 e6
16.Na4 Nxa4 17.Rxa4 Qe8 18.Ra5 exd5 19.exd5 Qe7 20.c3 Rab8 21.Bc4 Rb6 22.Qd3 Re8
23.b3 Reb8 24.Bd2 Nb5 25.Rfa1 Nc7 26.Rf1 Ne8 27.Rfa1 Nc7 28.Rf1 Qd8 29.Rfa1 Qf6
30.R1a2 Nb5 31.Rxa6 Rxa6 32.Rxa6 Nc7 33.Ra1 Ne8 34.Re1 Qd8 35.Bb5 Nc7 36.Ba4 Qf6
37.g3 h5 38.h4 Qd8 39.Kg2 Qc8 40.f5 Qxf5 41.Qxf5 gxf5 42.c4 Be5 43.Rf1 Na8
44.Rxf5 Nb6 45.Bc6 Nc8 46.Rf3 Ne7 47.Ba4 Kg7 48.Kh3 Kg6 49.g4 hxg4+ 50.Kxg4 Rh8
51.Bd7 Ng8 52.Bf5+ Kg7 53.Kh3 Bf6 54.Rg3+ Kf8 55.Bg5 Bxg5 56.Rxg5 Ke7 57.Bg4 Nf6
58.Bf5 Ra8 59.Rg3 Ra1 60.Re3+ Kf8 61.Kg2 Rd1 62.Kf2 Rd4 63.Kg3 Kg7 64.Re7 Nh5+  0-1

[Event "29th Open"]
[Site "Cappelle la Grande FRA"]
[Date "2013.02.27"]
[Round "6.37"]
[White "Fuchs,Ju"]
[Black "Manolache,M"]
[Result "1-0"]
[WhiteElo "2292"]
[BlackElo "2533"]

1.e4 g6 2.d4 Bg7 3.Nc3 d6 4.f4 Nf6 5.Nf3 O-O 6.Bd3 Na6 7.O-O c5 8.d5 Rb8
9.f5 gxf5 10.exf5 Nb4 11.Ng5 b5 12.Qf3 c4 13.Be4 Nxe4 14.Qxe4 f6 15.Ne6 Bxe6
16.dxe6 Qb6+ 17.Kh1 Qc6 18.Qg4 Kh8 19.Rf3 Rg8 20.Qh4 Bf8 21.Bd2 Nxc2 22.Rg1 Qc5
23.Rgf1 Qd4 24.Ne4 d5 25.Rh3 Rg7 26.Bh6 Rg4 27.Qxg4 Bxh6 28.Rxh6 Qd3 29.Rf4 Rg8
30.Rxh7+  1-0

[Event "29th Open"]
[Site "Cappelle la Grande FRA"]
[Date "2013.02.28"]
[Round "7.181"]
[White "Roche,L"]
[Black "Fauchart,F"]
[Result "1-0"]
[WhiteElo "1913"]
[BlackElo "1620"]

1.e4 g6 2.d4 d6 3.Nc3 Bg7 4.Nf3 c6 5.h3 a6 6.a4 b6 7.Bc4 e6 8.O-O Bb7 9.d5 e5
10.dxc6 Bxc6 11.Ng5 Nh6 12.f4 b5 13.axb5 axb5 14.Rxa8 Qb6+ 15.Kh1 Bxa8 16.Nxb5 Bf8
17.fxe5 Nd7 18.Nxd6+ Bxd6 19.Qxd6 Qxd6 20.exd6 Ne5 21.Bb5+ Bc6 22.Bxc6+ Nxc6
23.Nf3 Ng8 24.e5 Kd7 25.Be3 f6 26.exf6 Nxf6 27.Ne5+ Nxe5 28.Rxf6 Re8 29.Bf4 Nc4
30.Rf7+ Kc6 31.Rc7+ Kd5 32.d7  1-0

[Event "ch-LTU SF 2013"]
[Site "Vilnius LTU"]
[Date "2013.02.28"]
[Round "7.3"]
[White "Rimeikis,A"]
[Black "Vedrickas,T"]
[Result "1/2-1/2"]
[WhiteElo "2104"]
[BlackElo "2261"]

1.e4 d6 2.d4 g6 3.Nc3 Bg7 4.Be3 a6 5.a4 e6 6.Bc4 b6 7.Nf3 Ne7 8.Qd2 h6 9.g4 Nd7
10.Rg1 Bb7 11.Be2 Kf8 12.d5 exd5 13.exd5 Nf6 14.g5 Nfxd5 15.Bd4 hxg5 16.Bxg7+ Kxg7
17.Nxg5 Nf6 18.O-O-O b5 19.Qf4 Bc6 20.h4 Qd7 21.Bd3 Rh5 22.Be2 Rhh8 23.h5 Raf8
24.hxg6 fxg6 25.Qe3 Nf5 26.Ne6+ Kf7 27.Ng5+  1/2-1/2

[Event "Zagreb Open A 2013"]
[Site "Zagreb CRO"]
[Date "2013.02.28"]
[Round "4.11"]
[White "Cehic,G"]
[Black "Sale,S"]
[Result "0-1"]
[WhiteElo "2248"]
[BlackElo "2401"]

1.d4 d6 2.e4 g6 3.Nc3 Bg7 4.h3 a6 5.a4 Nf6 6.Bg5 O-O 7.Nf3 b6 8.Bd3 Bb7 9.O-O Nc6
10.Re1 h6 11.Bd2 Nd7 12.Be3 e5 13.Bc4 Re8 14.Bd5 Nf6 15.Qd2 Nxd5 16.exd5 exd4
17.Nxd4 Ne5 18.b3 Kh7 19.Rad1 Re7 20.f4 Nd7 21.f5 Qh8 22.fxg6+ fxg6 23.Bf2 Rae8
24.Rf1 Nf8 25.Bh4 Bxd4+ 26.Qxd4 Qxd4+ 27.Rxd4 g5 28.Bf2 Ng6 29.h4 Bc8 30.hxg5 hxg5
31.Rc4 Ne5 32.Rd4 Ng4 33.Rc4 Kg6 34.Bd4 Bf5 35.Bf2 Ne5 36.Rd4 Bxc2 37.b4 Bf5
38.Nd1 Bd3 39.Ne3 Bxf1 40.Nxf1 Nd7 41.Ng3 b5 42.a5 Nf6 43.Rd1 Re5 44.Rc1 Nxd5  0-1